000 00529nam a2200169 i 4500
001 66206
003 ES-MaACL
005 20230906165551.0
007 t|
008 040129s1964 sp ||||1| spa d
100 1 _aGalán, F.
_953288
245 1 0 _aTeoría genética del sexo zigótico en el caso ceballiun elaterium /
_cF. Galán.
260 _a[S.l. :
_bs.n.,
_c1964]
300 _a17 h. :
_bil. ;
_c25 cm.
500 _aEs separata de: Revista de Biología. V. 4, nº 3-4, p. 187-220.
852 _aES-MaACL
_jC-27602
_bR.56686
999 _c66206
_d66206